[Event "Titled Tuesday intern op 31st May Early"]
[Site "Chess.com INT"]
[Date "2022.05.31"]
[Round "8"]
[White "Sokolovsky, Yahli"]
[Black "Turutin, Alexander"]
[Result "1/2-1/2"]
[WhiteElo "2369"]
[BlackElo "2394"]
[PlyCount "130"]
[EventDate "2022.05.31"]
[EventType "swiss (blitz)"]
[EventRounds "11"]
[EventCountry "USA"]
[SourceTitle "CBM 208 Extra"]
[Source "ChessBase"]
[SourceDate "2022.07.31"]
[SourceVersion "1"]
[SourceVersionDate "2022.07.31"]
[SourceQuality "1"]

1. b3 e5 2. Bb2 Nc6 3. e3 a6 4. Nf3 d6 5. d4 e4 6. Nfd2 d5 7. c4 Nf6 8. cxd5 Qxd5 9. Nc3 Qf5 10. a3 Qg6 11. Qc2 Bf5 12. h3 Nxd4 13. exd4 e3 14. Qd1 exd2+ 15. Qxd2 0-0-0 16. 0-0-0 Ne4 17. Nxe4 Bxe4 18. f3 Qc6+ 19. Bc4 Bd5 20. Qc2 b5 21. Bxd5 Qxc2+ 22. Kxc2 Rxd5 23. Rhe1 Bd6 24. Re4 Kd7 25. Rde1 h5 26. Rd1 Rh6 27. Bc1 Rg6 28. g4 Rf6 29. Rd3 hxg4 30. hxg4 Re6 31. Rd1 g6 32. b4 Be7 33. Rxe6 Kxe6 34. Re1+ Kd7 35. Kd3 Bf6 36. Bb2 Rd6 37. Rh1 Bg5 38. Rh7 Ke7 39. Rh8 Bf6 40. Rc8 Kd7 41. Rf8 Ke7 42. Ra8 Kd7 43. f4 g5 44. f5 Ke7 45. Ke4 Kd7 46. Kd3 Ke7 47. Bc3 Kd7 48. Ra7 Rc6 49. Ra8 Rd6 50. Rg8 Ke7 51. Rb8 Kd7 52. Rb7 Kc6 53. Ra7 Kd7 54. Ra8 Ke7 55. Rb8 Kd7 56. Rf8 Ke7 57. Rg8 Kd7 58. Ke4 Ke7 59. Bb2 Kd7 60. Ba1 Ke7 61. Kd3 Kd7 62. Rf8 Ke7 63. Rb8 Kd7 64. Bc3 Ke7 65. Ra8 Kd7 1/2-1/2

[Event "Titled Tuesday intern op 31st May Early"]
[Site "Chess.com INT"]
[Date "2022.05.31"]
[Round "6"]
[White "Turutin, Alexander"]
[Black "Chernobay, Artem"]
[Result "0-1"]
[WhiteElo "2394"]
[BlackElo "2484"]
[PlyCount "62"]
[EventDate "2022.05.31"]
[EventType "swiss (blitz)"]
[EventRounds "11"]
[EventCountry "USA"]
[SourceTitle "CBM 208 Extra"]
[Source "ChessBase"]
[SourceDate "2022.07.31"]
[SourceVersion "1"]
[SourceVersionDate "2022.07.31"]
[SourceQuality "1"]

1. e4 c5 2. Nf3 d6 3. d4 cxd4 4. Nxd4 Nf6 5. Nc3 a6 6. h3 e5 7. Nde2 h5 8. g3 Be7 9. Bg2 Nbd7 10. 0-0 b5 11. Be3 Bb7 12. Qd3 Rc8 13. a4 b4 14. Nd5 Nxd5 15. exd5 Nc5 16. Qd2 a5 17. Bxc5 Rxc5 18. c3 Qb6 19. cxb4 axb4 20. Nc1 b3 21. Qe3 Qb4 22. Qxb3 Rc4 23. Qxb4 Rxb4 24. b3 0-0 25. Rb1 Ba6 26. Rd1 Rfb8 27. Bf1 Bc8 28. Kg2 Rxa4 29. Nd3 Ra3 30. Rdc1 Bb7 31. Rc4 Bxd5+ 0-1

[Event "Titled Tuesday intern op 31st May Early"]
[Site "Chess.com INT"]
[Date "2022.05.31"]
[Round "9"]
[White "Turutin, Alexander"]
[Black "Domingo Nunez, Ruben"]
[Result "0-1"]
[WhiteElo "2394"]
[BlackElo "2382"]
[PlyCount "66"]
[EventDate "2022.05.31"]
[EventType "swiss (blitz)"]
[EventRounds "11"]
[EventCountry "USA"]
[SourceTitle "CBM 208 Extra"]
[Source "ChessBase"]
[SourceDate "2022.07.31"]
[SourceVersion "1"]
[SourceVersionDate "2022.07.31"]
[SourceQuality "1"]

1. e4 Nc6 2. Nf3 d5 3. exd5 Qxd5 4. Nc3 Qa5 5. Bb5 Bd7 6. 0-0 a6 7. Bxc6 Bxc6 8. d4 0-0-0 9. Ne5 Be8 10. a3 f6 11. Qg4+ Kb8 12. Nc4 Qh5 13. Qf4 g5 14. Qe3 Nh6 15. Na5 Ng4 16. Qg3 Rxd4 17. h3 Ne5 18. Be3 Rd7 19. b4 b6 20. Rab1 Qh4 21. Qh2 e6 22. f4 gxf4 23. Bxf4 bxa5 24. bxa5+ Kc8 25. g3 Rg8 26. Qg2 Rd4 27. gxh4 Rxg2+ 28. Kxg2 Bc6+ 29. Kh2 Bd6 30. Ne2 Re4 31. Ng3 Rc4 32. Bxe5 Rxc2+ 33. Kg1 Rg2+ 0-1

[Event "Titled Tuesday intern op 31st May Early"]
[Site "Chess.com INT"]
[Date "2022.05.31"]
[Round "1"]
[White "Turutin, Alexander"]
[Black "Makarian, Rudik"]
[Result "0-1"]
[WhiteElo "2394"]
[BlackElo "2523"]
[PlyCount "84"]
[EventDate "2022.05.31"]
[EventType "swiss (blitz)"]
[EventRounds "11"]
[EventCountry "USA"]
[SourceTitle "CBM 208 Extra"]
[Source "ChessBase"]
[SourceDate "2022.07.31"]
[SourceVersion "1"]
[SourceVersionDate "2022.07.31"]
[SourceQuality "1"]

1. e4 c5 2. Nf3 e6 3. d4 cxd4 4. Nxd4 a6 5. Bd3 Bc5 6. Nb3 Ba7 7. 0-0 Nc6 8. Qg4 Nf6 9. Qg3 0-0 10. Bh6 Ne8 11. Be3 d6 12. Bxa7 Rxa7 13. c4 b6 14. Nc3 Rc7 15. Rad1 Bb7 16. Qe3 Rc8 17. Be2 Rb8 18. Na4 Ba8 19. c5 bxc5 20. Naxc5 a5 21. Na4 Rb4 22. Nc3 Qb8 23. Rd2 a4 24. Nc1 Rxb2 25. Nxa4 Rxd2 26. Qxd2 Nf6 27. Nc3 Rd8 28. Nb3 Ne5 29. f3 Qa7+ 30. Qd4 Qe7 31. Rd1 h5 32. Nb5 Ne8 33. f4 Ng6 34. e5 Nh4 35. exd6 Qf8 36. g3 Nf5 37. Qc5 Nexd6 38. Nxd6 Rxd6 39. Rxd6 Nxd6 40. Bxh5 Qd8 41. Nd4 Ne4 42. Bf3 Nxc5 0-1

[Event "Titled Tuesday intern op 24th May Early"]
[Site "Chess.com INT"]
[Date "2022.05.24"]
[Round "1"]
[White "Lutz, Igor Oscar"]
[Black "Turutin, Alexander"]
[Result "0-1"]
[WhiteElo "2022"]
[BlackElo "2394"]
[PlyCount "100"]
[EventDate "2022.05.24"]
[EventType "swiss (blitz)"]
[EventRounds "11"]
[EventCountry "USA"]
[SourceTitle "EXT 2023"]
[Source "ChessBase"]
[SourceDate "2022.10.05"]
[SourceVersion "1"]
[SourceVersionDate "2022.10.05"]
[SourceQuality "1"]

1. d4 Nf6 2. c4 g6 3. Nc3 Bg7 4. e4 0-0 5. Nf3 d6 6. Be2 e5 7. Be3 Na6 8. Qc2 Ng4 9. Bg5 f6 10. Bh4 Qe8 11. h3 Nh6 12. a3 exd4 13. Nxd4 f5 14. Nf3 fxe4 15. Nxe4 Bf5 16. Nfd2 Nc5 17. f3 Qe5 18. 0-0 Qxb2 19. Qxb2 Bxb2 20. Rab1 Bxa3 21. g4 Bxe4 22. Nxe4 Nxe4 23. fxe4 Bc5+ 24. Kg2 b6 25. Bf3 Rae8 26. Ra1 a5 27. Be1 Nf7 28. Bc3 Ne5 29. Be2 Rxf1 30. Rxf1 Rf8 31. Rxf8+ Kxf8 32. Kg3 Kf7 33. Kf4 Kf6 34. g5+ Ke6 35. Bxe5 dxe5+ 36. Kg4 Be3 37. Bd3 c6 38. h4 Bf2 39. h5 gxh5+ 40. Kxh5 Be3 41. Kh6 Kd6 42. Kxh7 Bxg5 43. Kg6 Bf4 44. Kf5 Kc5 45. Ke6 b5 46. cxb5 cxb5 47. Kd7 a4 48. Kc7 a3 49. Bb1 b4 50. Kb7 b3 0-1

[Event "Titled Tuesday intern op 24th May Early"]
[Site "Chess.com INT"]
[Date "2022.05.24"]
[Round "6"]
[White "Meunier Pion, Jean"]
[Black "Turutin, Alexander"]
[Result "1-0"]
[WhiteElo "2175"]
[BlackElo "2394"]
[PlyCount "133"]
[EventDate "2022.05.24"]
[EventType "swiss (blitz)"]
[EventRounds "11"]
[EventCountry "USA"]
[SourceTitle "EXT 2023"]
[Source "ChessBase"]
[SourceDate "2022.10.05"]
[SourceVersion "1"]
[SourceVersionDate "2022.10.05"]
[SourceQuality "1"]

1. e4 c6 2. d4 d5 3. e5 Bf5 4. Nf3 e6 5. Be2 Ne7 6. 0-0 Nd7 7. Nbd2 h6 8. Nb3 Bh7 9. a4 Ng6 10. Ne1 c5 11. c3 a6 12. f4 Be7 13. g3 0-0 14. Be3 Rc8 15. Nf3 Qb6 16. a5 Qc7 17. dxc5 Nxc5 18. Nxc5 Bxc5 19. Nd4 Ne7 20. g4 Be4 21. Qd2 Nc6 22. Nb3 Bxe3+ 23. Qxe3 f6 24. Nc5 Rce8 25. exf6 Rxf6 26. Nxe4 dxe4 27. Qxe4 Nxa5 28. Bd3 Nb3 29. Rad1 Kf8 30. g5 Rf7 31. Qh7 Qb6+ 32. Kh1 Nc5 33. Bg6 Qc6+ 34. Kg1 Qb6 35. gxh6 Ne4+ 36. Kh1 Nf6 37. hxg7+ Ke7 38. Qh4 Qc6+ 39. Kg1 Rg8 40. Rd3 Rgxg7 41. Rg3 Rf8 42. Bh7 Rxh7 43. Qg5 Rg8 44. Qe5 Rxg3+ 45. hxg3 Qh1+ 46. Kf2 Rh2+ 47. Ke1 Qe4+ 48. Qxe4 Nxe4 49. Rg1 Nc5 50. Kd1 Nd3 51. b4 Rf2 52. Rh1 Nb2+ 53. Kc1 Nd3+ 54. Kd1 Rg2 55. Rh7+ Kd6 56. Rxb7 Rxg3 57. Rb6+ Kd5 58. Rxa6 Nxf4 59. Kd2 Rd3+ 60. Kc2 Rf3 61. Ra5+ Ke4 62. b5 e5 63. b6 Rf2+ 64. Kb3 Ne6 65. b7 Rf1 66. Kc4 Rf8 67. Ra8 1-0

[Event "Titled Tuesday intern op 24th May Early"]
[Site "Chess.com INT"]
[Date "2022.05.24"]
[Round "5"]
[White "Ovezdurdiyeva, Jemal"]
[Black "Turutin, Alexander"]
[Result "0-1"]
[WhiteElo "2061"]
[BlackElo "2394"]
[PlyCount "120"]
[EventDate "2022.05.24"]
[EventType "swiss (blitz)"]
[EventRounds "11"]
[EventCountry "USA"]
[SourceTitle "EXT 2023"]
[Source "ChessBase"]
[SourceDate "2022.10.05"]
[SourceVersion "1"]
[SourceVersionDate "2022.10.05"]
[SourceQuality "1"]

1. e4 c6 2. d4 d5 3. Nd2 dxe4 4. Nxe4 Nf6 5. Ng3 c5 6. N1e2 Nc6 7. Be3 Nd5 8. dxc5 Qa5+ 9. Qd2 Nxe3 10. fxe3 Qxc5 11. 0-0-0 Bg4 12. h3 Rd8 13. Qc3 Rxd1+ 14. Kxd1 Qxc3 15. bxc3 Be6 16. a4 Bd7 17. Nf4 e6 18. Ne4 Be7 19. Bd3 Kd8 20. Ke2 Kc7 21. Rf1 Ne5 22. Bb5 Bxb5+ 23. axb5 Rf8 24. Nd3 Nc4 25. Nd2 Nxd2 26. Kxd2 f6 27. Rf4 Bd6 28. Rg4 g5 29. Ra4 Kb6 30. c4 Rc8 31. Kc3 Bc5 32. Nxc5 Rxc5 33. Ra1 Rf5 34. Rd1 Kc7 35. Rd2 h5 36. Kb4 b6 37. Re2 h4 38. e4 Rf1 39. Kc3 Kd6 40. Rd2+ Ke5 41. Rd7 Ra1 42. Re7 Ra2 43. Kb3 Ra1 44. Kc3 Kxe4 45. Rxe6+ Kf5 46. Rc6 Ke5 47. c5 bxc5 48. Rxc5+ Kf4 49. Rc6 f5 50. Rf6 Rg1 51. Rf8 Rxg2 52. Rf7 g4 53. hxg4 Rxg4 54. Rxa7 h3 55. b6 h2 56. Rh7 Kg3 57. b7 Rg8 58. Kc4 f4 59. Kc5 f3 60. Kb6 f2 0-1